000 00679nam a2200229 a 4500
001 BRL_1391
005 20190320211200.0
008 100114s1975----u--ao#####---#000-0#eng-#
020 _a0821206869
041 _aeng
044 _au
050 4 _aNK9112
_b.H65 1975
100 1 _aHolstein, Jonathan
_926753
245 1 0 _aThe pieced Quilt
_ban American design tradition
_cJonathan Holstein.
260 _aBoston, Massachusetts
_bNew York Graphic Society
_c1975
300 _a187 p.
_bil., fotografías, láminas
_c28 cm.
500 _aAu1641
504 _aBibliografía: p. [188-189]
650 1 4 _aColchas
_xHistoria
_zEstados Unidos
_926754
902 _aGRL
942 _2lcc
_cB
999 _c10202
_d10202